| 000 | 00595nam a22001817a 4500 | ||
|---|---|---|---|
| 999 |
_c15298 _d15298 |
||
| 003 | AR-CdUCM | ||
| 008 | 190426b ||||| |||| 00| 0 spa d | ||
| 020 | _a978-607-735-679-0 | ||
| 040 |
_aMUNICIPALIDAD PROVINCIAL DEL CUSCO _cBIBLIOTECA MUNICIPAL DEL CUSCO |
||
| 082 |
_aPI / 780.4 / _bG37 |
||
| 100 |
_aGerhard, Ana _933111 |
||
| 245 |
_aEl agua : _bintroducción a la música de concierto / |
||
| 260 |
_aMéxico, D.F. : _bOcéano, _c2016. |
||
| 300 |
_a57 páginas ; _bIlustraciones, _c32 cm. _e+ CD |
||
| 650 |
_aLiteratura infantil _9588 |
||
| 942 |
_2ddc _cLIBROS |
||
| 945 |
_aacv _d2019-04-26 |
||